Philippine myths and legends : (Record no. 6215)

MARC details
000 -LEADER
fixed length control field 00629nam a22001937a 4500
003 - CONTROL NUMBER IDENTIFIER
control field OSt
005 - DATE AND TIME OF LATEST TRANSACTION
control field 20251125105327.0
008 - FIXED-LENGTH DATA ELEMENTS--GENERAL INFORMATION
fixed length control field 251125b |||||||| |||| 00| 0 eng d
020 ## - INTERNATIONAL STANDARD BOOK NUMBER
International Standard Book Number 971-08-5371-6
040 ## - CATALOGING SOURCE
Original cataloging agency DWC-Main lib.
Transcribing agency OC
082 ## - DEWEY DECIMAL CLASSIFICATION NUMBER
Classification number Fil. 398.2 Aq657 1992
100 ## - MAIN ENTRY--PERSONAL NAME
Personal name Aquino, Gaudencio V.
245 ## - TITLE STATEMENT
Title Philippine myths and legends :
Remainder of title values-oriented/
Statement of responsibility, etc. Gaudencio V. Aquino
260 ## - PUBLICATION, DISTRIBUTION, ETC.
Place of publication, distribution, etc. Mandaluyong City :
Name of publisher, distributor, etc. National Book Store,
Date of publication, distribution, etc. c1992.
300 ## - PHYSICAL DESCRIPTION
Extent 255 p. ;
Dimensions 23 cm.
650 ## - SUBJECT ADDED ENTRY--TOPICAL TERM
Topical term or geographic name entry element 1. Legends - Folklore - Philippines.
650 ## - SUBJECT ADDED ENTRY--TOPICAL TERM
Topical term or geographic name entry element 2. Legends - Mythology - Philippines.
942 ## - ADDED ENTRY ELEMENTS (KOHA)
Source of classification or shelving scheme Dewey Decimal Classification
Koha item type Book-Filipiniana
Classification part Fil.
Suppress in OPAC No
952 ## - LOCATION AND ITEM INFORMATION (KOHA)
--
952 ## - LOCATION AND ITEM INFORMATION (KOHA)
--
952 ## - LOCATION AND ITEM INFORMATION (KOHA)
--
952 ## - LOCATION AND ITEM INFORMATION (KOHA)
--
952 ## - LOCATION AND ITEM INFORMATION (KOHA)
--
952 ## - LOCATION AND ITEM INFORMATION (KOHA)
--
952 ## - LOCATION AND ITEM INFORMATION (KOHA)
--
Holdings
Withdrawn status Lost status Source of classification or shelving scheme Damaged status Not for loan Home library Current library Shelving location Date acquired Total Checkouts Full call number Barcode Date last seen Copy number Price effective from Koha item type Uniform Resource Identifier Source of acquisition
    Dewey Decimal Classification     College Library College Library Filipiniana 04/11/2014   Fil. 398.2 Aq657 1992 CL50666 11/25/2025 c7 11/25/2025 BK - FIL School Fund
    Dewey Decimal Classification     Grade School Library Grade School Library Filipiniana 11/25/2025   Fil. 398.2 Aq657 1992 GL9853 11/25/2025 c4 11/25/2025 BK - FIL  
    Dewey Decimal Classification     Grade School Library Grade School Library Filipiniana 11/25/2025   Fil. 398.2 Aq657 1992 GL19678 11/25/2025 c5 11/25/2025 BK - FIL  
    Dewey Decimal Classification     Grade School Library Grade School Library Filipiniana 11/25/2025   Fil. 398.2 Aq657 1992 GL19679 11/25/2025 c6 11/25/2025 BK - FIL  
    Dewey Decimal Classification     Junior High School Library Junior High School Library Filipiniana 11/25/2025   Fil. 398.2 Aq657 1992 HS9941 11/25/2025 c1 11/25/2025 BK - FIL  
    Dewey Decimal Classification     Junior High School Library Junior High School Library Filipiniana 11/25/2025   Fil. 398.2 Aq657 1992 HS14561 11/25/2025 c2 11/25/2025 BK - FIL  
    Dewey Decimal Classification     Junior High School Library Junior High School Library Filipiniana 11/25/2025   Fil. 398.2 Aq657 1992 HS14562 11/25/2025 c3 11/25/2025 BK - FIL